LEADER 01521nam 2200397 450 001 9910796075903321 005 20230922211348.0 010 $a84-291-9714-1 035 $a(MiAaPQ)EBC29819024 035 $a(Au-PeEL)EBL29819024 035 $a(CKB)25048795200041 035 $a(EXLCZ)9925048795200041 100 $a20230922h20222020 uy 0 101 0 $aspa 135 $aurcnu|||||||| 181 $ctxt$2rdacontent 182 $cc$2rdamedia 183 $acr$2rdacarrier 200 10$aPiensa Como un Cienti?fico Espacial $eNueve Estrategias Sencillas para Tener e?xito en el Trabajo y en la Vida /$fOzan Varol 205 $aFirst edition. 210 1$aBarcelona, Spain :$cEditorial Reverte?, S. A.,$d[2022] 210 4$d©2020 215 $a1 online resource (416 pages) 311 08$aPrint version: Varol, Ozan Piensa Como un Científico Espacial Barcelona : Editorial Reverté,c2022 330 $aTú eres más inteligente de lo que crees. Basándose en el enfoque mental que caracteriza a los científicos espaciales, en este libro, accesible y práctico, Ozan Varol revela nueve estrategias sencillas que podrás utilizar para lograr dar el poderoso impulso que buscas. 606 $aLeadership 615 0$aLeadership. 676 $a378.16913094248 700 $aVarol$b Ozan O.$f1981-$01484941 801 0$bMiAaPQ 801 1$bMiAaPQ 801 2$bMiAaPQ 906 $aBOOK 912 $a9910796075903321 996 $aPiensa Como un Cienti?fico Espacial$93703811 997 $aUNINA